Statystyki dla Quiz o Biznesowej Polsce

Kliknij tutaj aby rozwiązać quiz!

Ogólne statystyki

  • Ten quiz został rozwiązany 14 razy
  • Średni wynik to 3 z 6

Statystyki odpowiedzi

ZagadnienieOdpowiedź% Poprawnych
Jakie zmiany w polskiej gospodarce wprowadził plan balcerowicza?wprowadzenie gospodarki wolnorynkowej
92%
Co według Polaków jest uznawane za dobry prezent podczas spotkania towarzyskiego?Wino
85%
Czy Polacy cieszą się z kompromisu w negocjacjach?Nie
54%
Jaka jest potrzeba w Polsce w negocjacjach?spektakularnosci
46%
W którym roku miały miejsce ustawy Wilczka?1988
31%
Kto w Polsce powinien pierwszy podać rękę?Kobieta
23%

Rozkład punktacji

Percentyl według liczby udzielonych odpowiedzi

Procent ludzi z każdym wynikiem

Twoja historia wyników

Nie rozwiązałeś tego quizu